| 000 | 00555nam a22001817a 4500 | ||
|---|---|---|---|
| 005 | 20231115140721.0 | ||
| 008 | 231115b |||||||| |||| 00| 0 eng d | ||
| 020 | _a9780409018844 | ||
| 041 | _aEnglish | ||
| 082 | _a344.1 DUT | ||
| 100 |
_aDu Toit, D et al. _lEnglish |
||
| 245 |
_aLabour Relations Law : _bA Comprehensive Guide / _cD Du Toit et al. |
||
| 250 | _aFifth Edition | ||
| 260 |
_aDurban : _bLexisNexis, _c2006 |
||
| 300 |
_bxviii, 800 pages ; _c25 cm. |
||
| 650 |
_aLegal practice _bLaw |
||
| 942 |
_cBK _6ALISON_BN_VRIES |
||
| 999 |
_c690 _d690 |
||